Music Quiz

Random Music or Clickable Quiz

50 Hits to Click: 1996 Quiz Stats

 Plays Quiz Updated Jan 23, 2018

Challenge
Share
Tweet
Embed
Score 0/50 Timer 05:00
6 Plays Today
% Correct
Fly
88.9%
Killing
87.4%
Back
85.3%
Bird
83.8%
Happy
81.5%
Night
80.2%
Baby
79.3%
Speak
78.6%
Save
78.1%
Knew
76.1%
Champagne
75.2%
Woman
74.3%
Keep
74%
Reason
70.7%
Feet
70.2%
Diggity
67.8%
Paradise
67%
Things
66.4%
Man
64.3%
Down
57.3%
Go
56.9%
Broken
56.8%
Nobody
55.4%
California
54.6%
Cars
54.2%
% Correct
Someone
53.8%
Sleeps
53.5%
Tease
53.4%
Over
52.6%
Sweet
52.4%
Ride
50.7%
Change
50.5%
Child
46.9%
Sittin'
40.3%
Cry
38.6%
Blind
37.7%
World
37.3%
Count
36.8%
Check
34.6%
High
31.8%
Doin'
31.8%
Last
31.2%
Free
30.3%
Lover
29.3%
Big
27.5%
Kissin'
25.9%
First
22.9%
That
18.2%
Hit
17%
Elevators
15.2%

You're not logged in!

Compare scores with friends on all Sporcle quizzes.
OR
Log In

You Might Also Like...

Show Comments

Extras

Top Quizzes Today


Score Distribution

Your Account Isn't Verified!

In order to create a playlist on Sporcle, you need to verify the email address you used during registration. Go to your Sporcle Settings to finish the process.

Report this User

Report this user for behavior that violates our Community Guidelines.

Details: